| 000 | 00718nam a2200217Ia 4500 | ||
|---|---|---|---|
| 003 | GCL | ||
| 008 | 140319s9999 xx 000 0 ara d | ||
| 040 |
_aGCL / _cGCL |
||
| 082 | 0 | 4 |
_a070.569 _bس ص |
| 100 | 1 | _aسهام نصار | |
| 245 | 1 | 0 |
_aالصحافة الاسرائيلية والدعاية الصهيونية فى مصر / _cسهام نصار |
| 300 | _a451 ص | ||
| 490 |
_aالهيئة العامة للاستعلامات _v0 |
||
| 650 | 0 | 4 | _aاسرائيل |
| 650 | 0 | 4 | _aالصحافة |
| 650 | 0 | 4 | _aالدعاية |
| 650 | 0 | 4 | _aالدعاية الصهيونية |
| 650 | 0 | 4 | _aالصحافة - الجوانب السياسية |
| 650 | 0 | 4 | _aالصحافة الاسرائيلية |
| 942 |
_2ddc _cBK |
||
| 999 |
_c50642 _d50642 |
||